Listen to this / (Record no. 71054)

MARC details
000 -LEADER
campo de control de longitud fija 02468cam a2200373 a 4500
001 - NÚMERO DE CONTROL
campo de control 112419
005 - FECHA Y HORA DE LA ÚLTIMA TRANSACCIÓN
campo de control 20230410124113.0
008 - DATOS DE LONGITUD FIJA--INFORMACIÓN GENERAL
campo de control de longitud fija 100309s2010 nyuag bk 001 0 eng
035 ## - NÚMERO DE CONTROL DEL SISTEMA
Número de control de sistema 16127094
010 ## - NÚMERO DE CONTROL DE LA BIBLIOTECA DEL CONGRESO
Número de control de LC 2010010283
020 ## - NÚMERO INTERNACIONAL ESTÁNDAR DEL LIBRO
Número Internacional Estándar del Libro 9780374187743 (hardcover : alk. paper)
020 ## - NÚMERO INTERNACIONAL ESTÁNDAR DEL LIBRO
Número Internacional Estándar del Libro 0374187746 (hardcover : alk. paper)
035 ## - NÚMERO DE CONTROL DEL SISTEMA
Número de control de sistema (OCoLC)ocn569508875
040 ## - FUENTE DE CATALOGACIÓN
Centro catalogador/agencia de origen DLC
Centro/agencia transcriptor DLC
Centro/agencia modificador YDXCP
-- UPZ
-- C#P
-- BWX
-- SFR
-- CDX
-- TDF
-- VP@
-- DLC
050 14 - SIGNATURA TOPOGRÁFICA DE LA BIBLIOTECA DEL CONGRESO
Número de clasificación ML 3785
Número de ítem R823l 2010
082 00 - NÚMERO DE LA CLASIFICACIÓN DECIMAL DEWEY
Número de clasificación 780.15
100 1# - ENTRADA PRINCIPAL--NOMBRE DE PERSONA
Nombre de persona Ross, Alex,
Fechas asociadas al nombre 1968-
245 10 - MENCIÓN DEL TÍTULO
Título Listen to this /
Mención de responsabilidad, etc. Alex Ross.
250 ## - MENCION DE EDICION
Mención de edición 1st ed.
260 ## - PUBLICACIÓN, DISTRIBUCIÓN, ETC.
Lugar de publicación, distribución, etc. New York :
Nombre del editor, distribuidor, etc. Farrar, Straus and Giroux,
Fecha de publicación, distribución, etc. 2010.
300 ## - DESCRIPCIÓN FÍSICA
Extensión xiii, 364 p. :
Otras características físicas ill., music ;
Dimensiones 24 cm.
504 ## - NOTA DE BIBLIOGRAFÍA, ETC.
Nota de bibliografía, etc. Includes bibliographical references and index.
504 ## - NOTA DE BIBLIOGRAFÍA, ETC.
Nota de bibliografía, etc. "Suggested listening": p. [335]-345.
505 0# - NOTA DE CONTENIDO CON FORMATO
Nota de contenido con formato Listen to this : crossing the border from classical to pop -- Chacona, lamento, walking blues : bass lines of music history -- Infernal machines : how recordings changed music -- The storm of style : Mozart's golden mean -- Orbiting : Radiohead's grand tour -- The anti-maestro : Esa-Pekka Salonen at the Los Angeles Philharmonic -- Great soul : searching for Schubert -- Emotional landscapes : Bjèork's saga -- Symphony of millions : classical music in China -- Song of the Earth : the Arctic sound of John Luther Adams -- Verdi's grip : opera as popular art -- Almost famous : on the road with the St. Lawrence Quartet -- Edges of pop : Kiki and Herb, Cecil Taylor and Sonic Youth, Sinatra, Kurt Cobain -- Learning the score : the crisis in music education -- Voice of the century : Marian Anderson -- The music mountain : inside the Marlboro retreat -- I saw the light : following Bob Dylan -- Fervor : remembering Lorraine Hunt Lieberson -- Blessed are the sad : late Brahms.
520 ## - RESUMEN, ETC.
Sumario, etc. This collection of essays showcases the best of Ross's writing from more than a decade at" The New Yorker." Whether his subject is Mozart or Bob Dylan, Ross shows how music expresses the full complexity of the human condition. Witty, passionate, and brimming with insight, "Listen to This" teaches us how to listen.
650 #0 - PUNTO DE ACCESO ADICIONAL DE MATERIA--TÉRMINO DE MATERIA
Término de materia o nombre geográfico como elemento de entrada Musical criticism.
650 #0 - PUNTO DE ACCESO ADICIONAL DE MATERIA--TÉRMINO DE MATERIA
Término de materia o nombre geográfico como elemento de entrada Popular music and art music.
650 #0 - PUNTO DE ACCESO ADICIONAL DE MATERIA--TÉRMINO DE MATERIA
Término de materia o nombre geográfico como elemento de entrada Music
Subdivisión general History and criticism.
650 #4 - PUNTO DE ACCESO ADICIONAL DE MATERIA--TÉRMINO DE MATERIA
Término de materia o nombre geográfico como elemento de entrada Crítica musical.
650 #4 - PUNTO DE ACCESO ADICIONAL DE MATERIA--TÉRMINO DE MATERIA
Término de materia o nombre geográfico como elemento de entrada Música
Subdivisión general Historia y crítica.
650 #4 - PUNTO DE ACCESO ADICIONAL DE MATERIA--TÉRMINO DE MATERIA
Término de materia o nombre geográfico como elemento de entrada Música popular.
925 0# -
-- acquire
-- 2 shelf copies
-- policy default
942 ## - ELEMENTOS DE ENTRADA SECUNDARIOS (KOHA)
Fuente del sistema de clasificación o colocación Clasificación de Library of Congress
Tipo de ítem Koha
Holdings
Estatus retirado Estado de pérdida Fuente del sistema de clasificación o colocación Estado de daño No para préstamo Colección Biblioteca de origen Biblioteca actual Ubicación en estantería Fecha de adquisición Serial enumeration / chronology Signatura topográfica completa Código de barras Visto por última vez Copia número Tipo de ítem Koha
    Clasificación de Library of Congress     Humanidades Biblioteca Juan Bosch Biblioteca Juan Bosch Humanidades (4to. Piso) 10/04/2023 1 ML 3785 R823l 2010 00000105894 25/10/2018 1